Sports Quiz

Random Sports or NFL Quiz

NFL Teams Without Red or Blue Quiz Stats

Quiz Updated Jan 19, 2018

Challenge
Share
Tweet
Embed
Score 0/0 Timer 00:00
1 Play Today
Team % Correct
Minnesota Vikings
91.2%
New York Jets
89.2%
Cleveland Browns
89%
Green Bay Packers
88.9%
Philadelphia Eagles
87.5%
Oakland Raiders
86.8%
Pittsburgh Steelers
85.7%
New Orleans Saints
85.1%
Cincinnati Bengals
84.9%
Baltimore Ravens
82%

You're not logged in!

Compare scores with friends on all Sporcle quizzes.
Sign Up with Email
OR
Log In

You Might Also Like...

Show Comments

Extras

Top Quizzes Today


Score Distribution

Your Account Isn't Verified!

In order to create a playlist on Sporcle, you need to verify the email address you used during registration. Go to your Sporcle Settings to finish the process.

Report this User

Report this user for behavior that violates our Community Guidelines.

Details: